000 00424nam a2200145Ia 4500
008 221007s9999 xx 000 0 und d
041 _aeng
082 _bPOO
100 _aPooja Naik - 2k151156; Dr.Kamlakar Munde - Guide & Pandit Automotive Pvt. Ltd.
_9105100
245 _aCustomer Relationship Management
260 _c2015
_bSavitribai Phule Pune University
_aPune
300 _a51p
440 _v1
906 _bGeneral
999 _c80000
_d80000